| 000 -LEADER |
| fixed length control field |
00419cam a22001457a 4500 |
| 020 ## - INTERNATIONAL STANDARD BOOK NUMBER |
| ISBN |
9789712202896 |
| 040 ## - CATALOGING SOURCE |
| Transcribing agency |
DLC |
| 082 ## - DEWEY DECIMAL CLASSIFICATION NUMBER |
| Classification number |
633 IRR 2012 A052 Or. |
| 245 00 - TITLE STATEMENT |
| Title |
Advances in temperate rice research / |
| 260 ## - PUBLICATION, DISTRIBUTION, ETC. (IMPRINT) |
| Place of publication |
Metro Manila, Philippines : |
| Name of publisher |
IRRI, |
| Year of publication |
2012. |
| 300 ## - PHYSICAL DESCRIPTION |
| Number of Pages |
vi, 105 p. : |
| Other physical details |
ill. ; |
| Dimensions |
23 cm. |
| 700 1# - ADDED ENTRY--PERSONAL NAME |
| Personal name |
Jena, K. K. |
| 856 41 - ELECTRONIC LOCATION AND ACCESS |
| Uniform Resource Identifier |
http://www.loc.gov/catdir/toc/fy13pdf05/2012325656.html |
| 942 ## - ADDED ENTRY ELEMENTS (KOHA) |
| Koha item type |
សៀវភៅភាសាអង់គ្លេស |
| 952 ## - LOCATION AND ITEM INFORMATION (KOHA) |
| Withdrawn status [LOCAL, KOHA] |
0 |